the quiet american. (Record no. 678295)

MARC details
000 -LEADER
fixed length control field 00471nam a2200181Ia 4500
008 - FIXED-LENGTH DATA ELEMENTS--GENERAL INFORMATION
fixed length control field 100920s9999 xx 000 0 und d
082 ## - DEWEY DECIMAL CLASSIFICATION NUMBER
Item number 14109
Classification number 6 थ 57
100 ## - MAIN ENTRY--PERSONAL NAME
Personal name Green Graham.
245 ## - TITLE STATEMENT
Title the quiet american.
260 ## - PUBLICATION, DISTRIBUTION, ETC. (IMPRINT)
Name of publisher, distributor, etc BANTAM BOOKS, NEW YORK.
Date of publication, distribution, etc 1957
300 ## - PHYSICAL DESCRIPTION
Extent 183
Other physical details साधी
365 ## - TRADE PRICE
Price amount 3
520 ## - SUMMARY, ETC.
Summary, etc ई.एल. एफ.
630 ## - SUBJECT ADDED ENTRY--UNIFORM TITLE
Uniform title the quiet american.
650 ## - SUBJECT ADDED ENTRY--TOPICAL TERM
Topical term or geographic name as entry element ई.एल. एफ.
730 ## - ADDED ENTRY--UNIFORM TITLE
Uniform title the quiet american.
942 ## - ADDED ENTRY ELEMENTS (KOHA)
Koha item type Book
Holdings
Withdrawn status Lost status Damaged status Not for loan Home library Current library Shelving location Date acquired Cost, normal purchase price Total Checkouts Barcode Date last seen Price effective from Koha item type Public note
        Shri Chhatrapati Pratapsinh Maharaj ( Thorle) Nagar Vachanalaya, Satara Shri Chhatrapati Pratapsinh Maharaj ( Thorle) Nagar Vachanalaya, Satara     3.00   SATVAC-14109 09/20/2010 09/20/2010 Book देवघेव